logo

Bir Sreshtho Munshi Abdur Rouf Library
Jhenaidah Cadet College

The teaching of science in tropical primary schools / (Record no. 7536)

MARC details
000 -LEADER
fixed length control field 00831cam a22002651 4500
001 - CONTROL NUMBER
JCCL Control Number 7536
003 - CONTROL NUMBER IDENTIFIER
JCCL marc code BD-JhCC
005 - DATE AND TIME OF LATEST TRANSACTION
control field 20180211122130.0
008 - FIXED-LENGTH DATA ELEMENTS--GENERAL INFORMATION
fixed length control field 760429t19591953enka b 000 0 eng
035 ## - SYSTEM CONTROL NUMBER
system control number (BD-JhCC)7536
035 ## - SYSTEM CONTROL NUMBER
system control number (OCoLC)2146375
040 ## - CATALOGING SOURCE
Original cataloging agency DLC
Transcribing agency OTU
Modifying agency OCoLC
-- Uk
-- DLC
-- BD-JhCC
041 ## - LANGUAGE CODE
Language code of Book eng
050 00 - LIBRARY OF CONGRESS CALL NUMBER
Classification number LB1532
Item number .J6 1953
082 ## - DEWEY DECIMAL CLASSIFICATION NUMBER
Classification number 507
Author mark and Year JOS 1953
100 1# - MAIN ENTRY--PERSONAL NAME
Personal name Joseph, E. D.,
Dates associated with a name 1903-
245 14 - TITLE STATEMENT
Title The teaching of science in tropical primary schools /
Statement of responsibility, etc E. D. Joseph
260 ## - PUBLICATION, DISTRIBUTION, ETC. (IMPRINT)
Place of publication, distribution, etc London,
Name of publisher, distributor, etc Oxford University Press,
Date of publication, distribution, etc [1959, c1953]
300 ## - PHYSICAL DESCRIPTION
Pagination xix, 234 p.
Other physical details illus.
Dimensions 23 cm.
440 #0 -
Title UNESCO handbooks on the teaching of science in tropical countries,
Volume number/sequential designation v. 1
504 ## - BIBLIOGRAPHY, ETC. NOTE
Bibliography, etc Bibliography: p. [228]-230.
650 #0 - SUBJECT ADDED ENTRY--TOPICAL TERM
Topical term or geographic name as entry element Science
General subdivision Study and teaching (Primary)
942 ## - ADDED ENTRY ELEMENTS (KOHA)
Source of classification or shelving scheme Dewey Decimal Classification
Koha item type Books
Holdings
Source of classification or shelving scheme Damaged status Not for loan Home library Current library Shelving location Total Checkouts Full call number Barcode Date last seen Copy number Koha item type
Dewey Decimal Classification     JCC Rouf Library JCC Rouf Library General Stacks   507 JOS 1953 945 02/11/2018 C - 1 Books

JCC Library | Contacts | JCC Home

Last Update on 23 September 2017
Copyright @ 2017-2020 JCC Rouf Library
Rouf Library, Jhenidah Cadet College (JCC), Bangladesh